[Event "POL-chT U20 1st League"]
[Site "Kudowa Zdroj"]
[Date "2018.07.23"]
[Round "3.29"]
[White "Mazanowska, Aniela"]
[Black "Karlyk, Maria"]
[Result "0-1"]
[WhiteElo "1313"]
[BlackElo "1726"]
[PlyCount "80"]
[EventDate "2018.07.21"]
[EventType "team-tourn"]
[EventRounds "9"]
[EventCountry "POL"]
[SourceTitle "CBM 186 Extra"]
[Source "ChessBase"]
[SourceDate "2018.08.24"]
[SourceVersion "1"]
[SourceVersionDate "2018.08.24"]
[SourceQuality "1"]

1. e4 c5 2. d4 cxd4 3. c3 dxc3 4. Nxc3 Nc6 5. Nf3 d6 6. Bc4 Nf6 7. 0-0 a6 8. Bf4 Bg4 9. h3 Bxf3 10. Qxf3 h6 11. Rfd1 e5 12. Be3 b5 13. Bb3 Rc8 14. Rac1 Be7 15. Nd5 0-0 16. Bb6 Qd7 17. Bc5 Nxd5 18. Bxd5 Nd8 19. Bb6 Ne6 20. Qa3 Rxc1 21. Rxc1 Rc8 22. Rd1 Nc7 23. Bb3 Qc6 24. Qa5 Na8 25. Bd5 Qxb6 26. Qb4 Rf8 27. Rc1 Nc7 28. Bc6 a5 29. Qd2 Bg5 30. Qc2 Bxc1 31. Qxc1 Na6 32. Bd5 Qc5 33. Qe1 Nb4 34. Kh2 Nxd5 35. exd5 Qxd5 36. Qxa5 Qe4 37. Qxb5 Qf4+ 38. Kg1 Rc8 39. g3 Rc1+ 40. Kh2 Qxf2# 0-1

[Event "POL-chT U20"]
[Site "Suchedniow"]
[Date "2016.07.27"]
[Round "5.18"]
[White "Karlyk, Maria"]
[Black "Harazinska, Magdalena"]
[Result "0-1"]
[WhiteElo "1600"]
[BlackElo "1811"]
[PlyCount "52"]
[EventDate "2016.07.23"]
[EventType "team-tourn"]
[EventRounds "9"]
[EventCountry "POL"]
[SourceTitle "EXT 2019"]
[Source "ChessBase"]
[SourceDate "2018.10.10"]
[SourceVersion "1"]
[SourceVersionDate "2018.10.10"]
[SourceQuality "1"]

1. e4 e5 2. Nf3 Nc6 3. d4 exd4 4. Nxd4 Qh4 5. Qd3 Nf6 6. Nxc6 bxc6 7. Nd2 Bc5 8. g3 Qh5 9. Be2 Qh3 10. Bf3 0-0 11. Nb3 Bb6 12. Be3 Bxe3 13. Qxe3 Re8 14. 0-0-0 d5 15. Qd4 dxe4 16. Bxe4 Nxe4 17. Qxe4 Bg4 18. Qxc6 Bxd1 19. Kxd1 Rad8+ 20. Kc1 Qf5 21. f4 h6 22. c3 Qd3 23. Nd4 Qe3+ 24. Kc2 Qf2+ 25. Kc1 Rb8 26. Nb3 Re2 0-1

[Event "POL-chT U19 1st League"]
[Site "Ustron"]
[Date "2015.08.02"]
[Round "9.12"]
[White "Karlyk, Maria"]
[Black "Nowicka, Julia"]
[Result "1/2-1/2"]
[WhiteElo "1392"]
[BlackElo "1298"]
[PlyCount "110"]
[EventDate "2015.07.25"]
[EventType "team-tourn"]
[EventRounds "9"]
[EventCountry "POL"]
[SourceTitle "EXT 2018"]
[Source "ChessBase"]
[SourceDate "2017.10.13"]
[SourceVersion "1"]
[SourceVersionDate "2017.10.13"]
[SourceQuality "1"]
[WhiteTeam "Zary ZKSz U19"]
[BlackTeam "Grzybowo GKSz Solny U19"]
[WhiteTeamCountry "POL"]
[BlackTeamCountry "POL"]

1. e4 e5 2. Nf3 Nc6 3. d4 exd4 4. Nxd4 Bc5 5. Be3 Qf6 6. c3 Nge7 7. Qd2 Ne5 8. h3 0-0 9. f4 N5g6 10. Bd3 Re8 11. 0-0 d6 12. Kh1 h6 13. Bc4 Rf8 14. b4 Bb6 15. Qf2 Bd7 16. Nd2 Kh8 17. Qg3 Nc6 18. N2f3 Rae8 19. Bd3 Qd8 20. f5 Nge5 21. Nxc6 Nxc6 22. Nd4 Qf6 23. Qf2 Ne5 24. Be2 Nc6 25. Bf3 Ne5 26. Be2 Nc6 27. Bf3 Ne5 28. a4 a6 29. a5 Ba7 30. Be2 Nc6 31. Bf3 Ne5 32. Rad1 Ra8 33. Qe2 Rfe8 34. Rfe1 Qe7 35. Bf2 Qf6 36. Bg1 Rad8 37. Bf2 Ra8 38. Bg1 Nc6 39. Nxc6 Bxc6 40. Bxa7 Rxa7 41. Qd3 Raa8 42. Re3 Re5 43. Rde1 Rae8 44. c4 Qh4 45. Kh2 Qf4+ 46. g3 Qg5 47. h4 Qf6 48. Kh3 Bd7 49. g4 Bc6 50. Qd2 Qe7 51. Qg2 Bd7 52. Qd2 Kh7 53. R3e2 Qf6 54. g5 Qe7 55. Qf4 Rg8 1/2-1/2

[Event "POL-chT U19 1st League"]
[Site "Ustron"]
[Date "2015.07.30"]
[Round "6.30"]
[White "Karlyk, Maria"]
[Black "Moscicka, Pola"]
[Result "1-0"]
[WhiteElo "1392"]
[BlackElo "1644"]
[PlyCount "75"]
[EventDate "2015.07.25"]
[EventType "team-tourn"]
[EventRounds "9"]
[EventCountry "POL"]
[SourceTitle "EXT 2018"]
[Source "ChessBase"]
[SourceDate "2017.10.13"]
[SourceVersion "1"]
[SourceVersionDate "2017.10.13"]
[SourceQuality "1"]
[WhiteTeam "Zary ZKSz U19"]
[BlackTeam "Chylice KS Laura U19"]
[WhiteTeamCountry "POL"]
[BlackTeamCountry "POL"]

1. e4 c5 2. Nf3 d6 3. d4 cxd4 4. Nxd4 Nf6 5. Bd3 a6 6. Nc3 e6 7. 0-0 Be7 8. Kh1 0-0 9. f4 Qc7 10. Qf3 Nbd7 11. Bd2 Nc5 12. Rae1 Nxd3 13. cxd3 Qb6 14. Nb3 Bd7 15. Qg3 Bc6 16. e5 dxe5 17. fxe5 Ne8 18. Ne4 Bxe4 19. Rxe4 f5 20. Re2 a5 21. Bc3 a4 22. Nd4 Rd8 23. Qe1 Rxd4 24. Bxd4 Qxd4 25. Qd1 Nc7 26. Qc2 Nd5 27. Qc4 Qa7 28. d4 Rd8 29. a3 Nb6 30. Qxe6+ Kh8 31. Qxe7 Rc8 32. h3 Nd5 33. Qd7 Nb6 34. Qxf5 Qa8 35. e6 Nc4 36. e7 Nd6 37. Qf8+ Rxf8 38. Rxf8+ 1-0

[Event "POL-chT U19 1st League"]
[Site "Ustron"]
[Date "2015.07.28"]
[Round "4.24"]
[White "Karlyk, Maria"]
[Black "Harazinska, Magdalena"]
[Result "1/2-1/2"]
[WhiteElo "1392"]
[BlackElo "1857"]
[PlyCount "81"]
[EventDate "2015.07.25"]
[EventType "team-tourn"]
[EventRounds "9"]
[EventCountry "POL"]
[SourceTitle "EXT 2018"]
[Source "ChessBase"]
[SourceDate "2017.10.13"]
[SourceVersion "1"]
[SourceVersionDate "2017.10.13"]
[SourceQuality "1"]
[WhiteTeam "Zary ZKSz U19"]
[BlackTeam "Victoria Komplexbud U19"]
[WhiteTeamCountry "POL"]
[BlackTeamCountry "POL"]

1. e4 c5 2. Nf3 e6 3. d4 cxd4 4. Nxd4 Nf6 5. Bd3 d6 6. Nc3 a6 7. 0-0 Nc6 8. Nb3 b5 9. Kh1 Bb7 10. f4 Be7 11. Qf3 Qc7 12. Bd2 0-0 13. Qh3 e5 14. Nd5 Qd8 15. Rae1 Bc8 16. f5 Nd4 17. Ba5 Qd7 18. Nb6 Qb7 19. Nxa8 Qxa8 20. Nxd4 exd4 21. Bb6 Bb7 22. Bxd4 Bd8 23. Bxf6 Bxf6 24. c3 Re8 25. Qg4 Re5 26. Re2 Qe8 27. Rfe1 h6 28. Bc2 Qe7 29. Bb3 Kh7 30. Bd5 Bc8 31. Qh5 g6 32. fxg6+ fxg6 33. Qf3 Kg7 34. Rf1 Be6 35. Bxe6 Rxe6 36. Rfe1 Be5 37. Rf2 h5 38. Ref1 Bf6 39. Re2 Be5 40. Ref2 Bf6 41. Re2 1/2-1/2

[Event "POL-chT U19 1st League"]
[Site "Karpacz"]
[Date "2013.07.26"]
[Round "5"]
[White "Karlyk, Maria"]
[Black "Mis, Mieszko"]
[Result "1/2-1/2"]
[WhiteElo "1424"]
[BlackElo "1512"]
[PlyCount "202"]
[EventDate "2013.07.22"]
[EventType "team-tourn"]
[EventRounds "9"]
[EventCountry "POL"]
[SourceTitle "EXT 2014"]
[Source "ChessBase"]
[SourceDate "2013.11.20"]
[SourceVersion "1"]
[SourceVersionDate "2013.11.20"]
[SourceQuality "1"]
[WhiteTeam "Zary ZKSz U19"]
[BlackTeam "Czarna LKSz GCKiP U19"]
[WhiteTeamCountry "POL"]
[BlackTeamCountry "POL"]

1. e4 e6 2. Nf3 d5 3. exd5 exd5 4. d4 Nf6 5. Bg5 Be7 6. Nc3 0-0 7. Bd3 h6 8. Bf4 a6 9. 0-0 Nc6 10. h3 Bd6 11. Be3 Re8 12. a3 Be6 13. Re1 Qd7 14. Qd2 Bf5 15. Bxf5 Qxf5 16. Qd1 Re7 17. Nh4 Qd7 18. Qf3 Rae8 19. Nf5 Re6 20. Red1 Ne7 21. Nh4 Ng6 22. Nf5 Ne7 23. Kh1 Nxf5 24. Qxf5 c6 25. Qf3 Ne4 26. Re1 Rf6 27. Qg4 Qxg4 28. hxg4 Nxf2+ 29. Bxf2 Rxe1+ 30. Rxe1 Rxf2 31. Ne2 Rf6 32. Kg1 Re6 33. Kf2 c5 34. c3 cxd4 35. cxd4 Kf8 36. Rc1 Re4 37. Kf3 Ke7 38. g3 Kd7 39. b4 Be7 40. Rc3 Bf6 41. Rd3 b5 42. Re3 Bxd4 43. Rd3 Rxe2 44. Kxe2 Bb2 45. Rxd5+ Ke6 46. Rd3 Be5 47. Kf3 Bb2 48. Kf4 Bc1+ 49. Ke4 Bb2 50. Kf3 Bc1 51. Rc3 Bb2 52. Rc6+ Kd5 53. Rxa6 Kc4 54. a4 bxa4 55. Rxa4 Kb5 56. Ra7 Kxb4 57. Rxf7 Kc5 58. Rf5+ Kd6 59. g5 hxg5 60. Rxg5 Ke6 61. g4 Kf6 62. Rb5 Bc3 63. g5+ Kf7 64. Kg4 Ke6 65. g6 Be5 66. Rb6+ Ke7 67. Kf5 Ba1 68. Ra6 Bb2 69. Ra7+ Kd6 70. Rb7 Ba1 71. Rb8 Ke7 72. Rb7+ Kd6 73. Rf7 Bb2 74. Ke4 Ba1 75. Kd3 Ke6 76. Ke4 Kd6 77. Ra7 Bb2 78. Ra6+ Ke7 79. Kf5 Bc3 80. Rc6 Bb2 81. Rc7+ Kd6 82. Rf7 Bc3 83. Ke4 Bb2 84. Rb7 Ba1 85. Rb6+ Ke7 86. Kd5 Bc3 87. Re6+ Kd7 88. Rc6 Bd2 89. Rd6+ Ke7 90. Kc6 Bc3 91. Rd7+ Kf6 92. Rd6+ Kg5 93. Rd3 Bf6 94. Rg3+ Kf5 95. Kd7 Bg5 96. Ke8 Kxg6 97. Kf8 Kf6 98. Rf3+ Kg6 99. Rg3 Kf6 100. Rf3+ Kg6 101. Rg3 Kf6 1/2-1/2

[Event "POL Olympiad U12 Girls"]
[Site "Walbrzych"]
[Date "2013.??.??"]
[Round "9.4"]
[White "Frej, Zofia"]
[Black "Karlyk, Maria"]
[Result "1-0"]
[WhiteElo "1545"]
[BlackElo "1386"]
[PlyCount "227"]
[EventDate "2013.04.??"]
[EventType "team-swiss"]
[EventRounds "9"]
[EventCountry "POL"]
[SourceTitle "EXT 2015"]
[Source "ChessBase"]
[SourceDate "2014.11.20"]
[SourceVersion "1"]
[SourceVersionDate "2014.11.20"]
[SourceQuality "1"]

1. d4 d5 2. Nf3 e6 3. e3 Nf6 4. Bd3 Bd6 5. b3 0-0 6. Bb2 Re8 7. 0-0 Nbd7 8. Ne5 Ne4 9. Bxe4 dxe4 10. Nd2 f5 11. Ndc4 Qh4 12. Nxd6 cxd6 13. Nc4 d5 14. Ne5 a5 15. c4 h6 16. cxd5 exd5 17. Rc1 b6 18. Rc7 Nf6 19. Ng6 Qg5 20. Ne7+ Kh7 21. Nxc8 Raxc8 22. Qc2 Rb8 23. Ba3 Nh5 24. Bd6 Rbd8 25. Be5 Re6 26. Qe2 f4 27. exf4 Nxf4 28. Bxf4 Qxf4 29. Rc3 Rf8 30. Qe3 Qf5 31. Rfc1 Rg6 32. g3 Qh3 33. Rc6 Rff6 34. Rxf6 Rxf6 35. Rc3 Rg6 36. Qc1 Qg4 37. Kg2 h5 38. h3 Qf5 39. Qe3 Rf6 40. h4 Qg4 41. Qd2 Rg6 42. Kh2 Qf5 43. Qe3 Qg4 44. Qd2 Rf6 45. Kg2 Rg6 46. Kh2 Qd7 47. Rc2 Qe7 48. Qf4 Qd7 49. Rc7 Qd8 50. Qe5 Qf6 51. Qxh5+ Rh6 52. Qe2 Qd6 53. Rc2 Rxh4+ 54. Kg2 Rh6 55. Qg4 Qf6 56. Rc7 Rg6 57. Qh5+ Rh6 58. Qd1 Qf5 59. g4 Qf4 60. Rc2 Qh2+ 61. Kf1 Qh1+ 62. Ke2 Qf3+ 63. Kd2 Qxf2+ 64. Kc1 Qf4+ 65. Kb2 Qf6 66. Qd2 Qg6 67. Qd1 Qd6 68. Qd2 Rh3 69. Qg5 Qd7 70. Rg2 Qc8 71. Rc2 Qe6 72. Re2 e3 73. Qf5+ Qxf5 74. gxf5 Rf3 75. Kc2 Rxf5 76. Rxe3 g5 77. Rg3 Kg6 78. Kd3 Kh5 79. Ke3 Kh4 80. Rg1 g4 81. Rh1+ Kg3 82. Rg1+ Kh2 83. Rxg4 Rf6 84. Rg5 Re6+ 85. Kf2 Rf6+ 86. Ke3 Re6+ 87. Re5 Rd6 88. Kf4 Kg2 89. Kf5 b5 90. Re6 Rd8 91. Rb6 b4 92. Rb5 Kf3 93. Ke5 Ke3 94. Rxd5 Re8+ 95. Kd6 Kd3 96. Kc5 Re2 97. Rd8 Rxa2 98. d5 Kc3 99. d6 a4 100. bxa4 Rxa4 101. Rh8 b3 102. Rh3+ Kc2 103. d7 Ra8 104. Rh2+ Kc1 105. Kc4 b2 106. Kc3 b1N+ 107. Kd4 Rd8 108. Rh7 Nd2 109. Kd5 Nf3 110. Kd6 Nd4 111. Rh5 Kc2 112. Rc5+ Kd3 113. Rc8 Nb5+ 114. Ke7 1-0

[Event "POL Olympiad U12 Girls"]
[Site "Walbrzych"]
[Date "2013.??.??"]
[Round "5.4"]
[White "Kaniowska, Anna"]
[Black "Karlyk, Maria"]
[Result "1/2-1/2"]
[WhiteElo "1305"]
[BlackElo "1386"]
[PlyCount "91"]
[EventDate "2013.04.??"]
[EventType "team-swiss"]
[EventRounds "9"]
[EventCountry "POL"]
[SourceTitle "EXT 2015"]
[Source "ChessBase"]
[SourceDate "2014.11.20"]
[SourceVersion "1"]
[SourceVersionDate "2014.11.20"]
[SourceQuality "1"]

1. d4 d5 2. c4 e6 3. Nc3 Nf6 4. Bg5 Be7 5. Nf3 0-0 6. e3 Nc6 7. cxd5 exd5 8. Bd3 Bg4 9. 0-0 h6 10. Bh4 Re8 11. h3 Bh5 12. Be2 Ne4 13. Bxe7 Rxe7 14. Rc1 Rc8 15. Nxe4 dxe4 16. Nd2 Bxe2 17. Qxe2 Qd6 18. Qb5 Rb8 19. a3 a6 20. Qb3 Qg6 21. Rc3 Nd8 22. Rfc1 c6 23. Qc2 f5 24. Nb3 Nf7 25. Kh1 Ng5 26. Nc5 Rf8 27. Rb3 Rf6 28. Rxb7 Rxb7 29. Nxb7 Qh5 30. Qd1 Qh4 31. Qf1 f4 32. exf4 Qxf4 33. Rc2 Qh4 34. Re2 e3 35. Rxe3 Qxd4 36. Qe2 Qh4 37. Re8+ Kh7 38. Qd3+ Rg6 39. Re2 Qf4 40. Na5 Qc1+ 41. Kh2 Qf4+ 42. Kh1 Qc1+ 43. Kh2 Qc5 44. Nb3 Qf8 45. Nd2 Qf4+ 46. Kg1 1/2-1/2

[Event "POL Olympiad U12 Girls"]
[Site "Walbrzych"]
[Date "2013.??.??"]
[Round "8.5"]
[White "Karlyk, Maria"]
[Black "Leczek, Weronika"]
[Result "1-0"]
[WhiteElo "1386"]
[BlackElo "1594"]
[PlyCount "105"]
[EventDate "2013.04.??"]
[EventType "team-swiss"]
[EventRounds "9"]
[EventCountry "POL"]
[SourceTitle "EXT 2015"]
[Source "ChessBase"]
[SourceDate "2014.11.20"]
[SourceVersion "1"]
[SourceVersionDate "2014.11.20"]
[SourceQuality "1"]

1. e4 c5 2. Nf3 Nc6 3. d4 cxd4 4. Nxd4 Nf6 5. Nc3 d6 6. Be2 g6 7. Nb3 Bg7 8. 0-0 0-0 9. Re1 a6 10. Bf1 b5 11. Bg5 Nd7 12. Rb1 Nb6 13. Nd5 h6 14. Bh4 g5 15. Bg3 Ne5 16. Nd4 Nec4 17. Bxc4 Bxd4 18. Qxd4 Nxc4 19. Qd1 e6 20. Ne3 Nxe3 21. Rxe3 d5 22. e5 f5 23. exf6 Qxf6 24. Qe2 Bd7 25. c3 Qg6 26. Rf1 Rf5 27. Bd6 Kh7 28. Re5 Rxe5 29. Qxe5 Rg8 30. Qe2 Rg7 31. Bc5 Rf7 32. Bd4 Rf4 33. Qe5 Rf8 34. h3 Bc8 35. f4 Bb7 36. f5 Qf7 37. Kh2 Rg8 38. Rf2 g4 39. fxe6 g3+ 40. Qxg3 Qxe6 41. Qd3+ Qe4 42. Qxe4+ dxe4 43. Rf7+ Kg6 44. Rxb7 Re8 45. Kg1 e3 46. Kf1 e2+ 47. Ke1 Kf5 48. Rf7+ Kg5 49. Rf2 b4 50. Rxe2 Rd8 51. Re6 Kf5 52. Rxa6 bxc3 53. bxc3 1-0